[Event "IECG CN.1998.0.00073"]
[Site "IECG email"]
[Date "1998.07.08"]
[Round "?"]
[White "Croke, Pat"]
[Black "Chiu, Andrew"]
[Result "1-0"]
[WhiteElo "800"]
[BlackElo "800"]
[PlyCount "67"]
[EventDate "1998.07.08"]
[EventType "tourn (corr)"]
[EventRounds "6"]
[SourceTitle "Corr 2008"]
[Source "ChessBase"]
[SourceDate "2008.06.24"]
[SourceVersion "1"]
[SourceVersionDate "2008.06.24"]
[SourceQuality "1"]

1. d4 Nf6 2. Nc3 d5 3. e3 c6 4. Nf3 e6 5. Bd3 Nbd7 6. 0-0 Bd6 7. e4 dxe4 8. Nxe4 Nxe4 9. Bxe4 Nf6 10. Bg5 Be7 11. Bxf6 Bxf6 12. c3 Qc7 13. g3 0-0 14. Qd3 g6 15. Rfe1 Rd8 16. Rad1 a5 17. h4 b6 18. Qe3 Ba6 19. Ne5 Rd6 20. Nxc6 Rxc6 21. Bxc6 Qxc6 22. Qf4 Bg7 23. Re3 Bb7 24. d5 exd5 25. Qf3 d4 26. Qxc6 Bxc6 27. cxd4 Rd8 28. Red3 Bb5 29. Rb3 Ba4 30. d5 Bxb3 31. axb3 Bxb2 32. d6 Ba3 33. d7 Kf8 34. Kg2 1-0